| 000 | 00549nam a2200217Ia 4500 | ||
|---|---|---|---|
| 005 | 20230609131800.0 | ||
| 008 | 131103s9999 xx 000 0 und d | ||
| 040 | _aLoreto College | ||
| 041 | _aEnglish | ||
| 082 |
_a938 _bDIC |
||
| 100 | _aDickinson,G.Lowes | ||
| 245 | 4 |
_aThe Greek view of life _cG.Lowes Dickinson |
|
| 250 | _a23rd ed. | ||
| 260 |
_aCambridge _b[s.n.] _c[1956] |
||
| 300 | _axii,177 p. | ||
| 504 | _aIncludes index | ||
| 650 | _aAncient History | ||
| 651 | _aGreece - Ancient History | ||
| 850 | _aLCLIB | ||
| 942 | _cBK | ||
| 999 |
_c8610 _d59089 |
||